000
00300nam a22001337a 4500
008
171020b xxu||||| |||| 00| 0 eng d
020
_a
9781219518951
041
_a
eng
080
_a
338
100
_a
54
101
_a
MIS
245
_a
MANAGEMENT INFORMATION SYSTEMS
_c
LAUDON,K.C
942
_2
udc
_c
BK
999
_c
35101
_d
35101